| 000 | 00502nam a22001817a 4500 | ||
|---|---|---|---|
| 003 | CEME | ||
| 005 | 20210628203341.0 | ||
| 008 | 210305b xxu||||| |||| 00| 0 eng d | ||
| 020 | _a0-333-21233-9 | ||
| 040 | _c. | ||
| 082 | _a808.84 SOU | ||
| 100 |
_aSOUTHAM, B.C _964899 |
||
| 245 | _aT.s eliot, prufrock gerontion ash wednesday and other shorter poems | ||
| 260 |
_aNEW YORK _bMACMILLAN PRESS _c1978 |
||
| 300 | _a255P | ||
| 650 |
_aENGLISH LITERATURE-CRITICAL ESSAYS _923462 |
||
| 942 |
_cBK _2ddc |
||
| 999 |
_c573261 _d573261 |
||